000 01490cam a22004214i 4500
003 PE-LiUPU
005 20250731173215.0
008 150625s r 000 0 d
035 _a(Sirsi) a32886
040 _aPE-LiUPU
_bspa
_cPE-LiUPU
_erda
082 0 4 _a221.08
_bU61
_221
110 2 _aUnidad Bible Societies
245 1 0 _aPreliminary And Interim Report On The Hebrew OLd Testament Text Project.
_n4 /
_cmiembros del comité, Dominique Barthélemy .. [et al.] ; secretarios, Adrian Schenker, John A. Thompson.
264 1 _aNew York :
_bUnited Bible Societies,
_c1979.
300 _a355 páginas ;
_c24 cm.
336 _atext
_2rdacontent
337 _aunmediated
_2rdamedia
338 _avolume
_2rdacarrier
505 0 _aProphetical Books I Isaiah, Jeremiah, Lamentations.
526 _aSEG42
526 _aSEG41
526 _aSEG40
526 _aSEG39
526 _aP94
526 _aP87
526 _aP86
526 _aP85
526 _aP77
526 _aP76
526 _aP35
630 _aBiblia.
_pA.T.
_xCrítica Textual.
910 _a
942 _2ddc
_cBOOK
949 _a221.08 U61 4
_wDEWEY
_c1
_i38643
_lCCODEBUL1
_mBUL
_p00.00
_r0
_sY
_tBOOK
_u2015-06-25
_xBIBLIOTECA
_zUNKNOWN
_0COMPRA
_o.STAFF. Colección General
596 _a1
999 _a221.08 U61 4
_wDEWEY
_c40587
_i38643
_f2021-11-9
_g5
_lCCODEBUL1
_mBUL
_r0
_sY
_tBOOK
_u2015-6-25
_xTEOLOGIA
_zUNKNOWN
_0COMPRA
_o.STAFF. Colección General
_d40587
980 _81
_gALBERTO SANCHEZ Responsable de Automatización